| 000 | 00732nam a2200241Ia 4500 | ||
|---|---|---|---|
| 003 | GCL | ||
| 008 | 140319s9999 xx 000 0 ara d | ||
| 040 |
_aGCL / _cGCL |
||
| 082 | 0 | 4 |
_a070.412 _bر م |
| 100 | 1 | _aتيلور رون | |
| 245 | 1 | 0 |
_aمدخل الى الصحافة جولة فى قاعة التحرير / _cتيلور رون |
| 700 | 1 | _aحمدى عباس | |
| 700 | 1 | _aراى تيل ليونارد | |
| 260 |
_a[S.N] : _bالدار الدولية للنشر والتوزيع ، _c1990 |
||
| 300 | _a303 ص | ||
| 490 | _a | ||
| 650 | 0 | 4 | _aالصحافة |
| 650 | 0 | 4 | _aتحرير |
| 650 | 0 | 4 | _aحرية الصحافة |
| 650 | 0 | 4 | _aالاخلاق الصحفية |
| 650 | 0 | 4 | _aمناقشات |
| 942 |
_2ddc _cBK |
||
| 999 |
_c30980 _d30980 |
||